000 00457nam a2200181Ia 4500
001 10166
005 20260306161811.0
008 260306t2010||||xx |||||||||||||| ||spa||
041 _aESP
082 _a901
_bW54
100 _aWhite, Hayden
_eAUT
245 0 _aMetahistoria:
_bla imaginación histórica en la Europa del siglo XIX
260 _c2010
300 _a432 páginas :
_c23 cm.
650 _aGEN
654 _aCHU
942 _cLIB
_dJUS
_fJUS
_2ddc
_n
999 _c10166
_d10166